LEADER 01474oam 2200481 450 001 9910555032103321 005 20220808175741.0 010 $a1-119-50022-2 010 $a1-119-50019-2 010 $a1-119-50018-4 035 $a(CKB)4100000010870912 035 $a(MiAaPQ)EBC6384969 035 $a(EXLCZ)994100000010870912 100 $a20210417d2021 uy 0 101 0 $aeng 135 $aurcnu|||||||| 181 $ctxt$2rdacontent 182 $cc$2rdamedia 183 $acr$2rdacarrier 200 00$aEquine hematology, cytology, and clinical chemistry /$fedited by Raquel M. Walton, Rick L. Cowell, Amy C. Valenciano 210 1$aHoboken, New Jersey :$cJohn Wiley & Sons, Incorporated,$d[2021] 210 4$d©2021 215 $a1 online resource (348 pages) $cillustrations 300 $aIncludes index. 311 $a1-119-50024-9 606 $aHorses$xDiseases$xDiagnosis 606 $aBlood$xDiseases$xDiagnosis 606 $aHorses$xDiseases 608 $aElectronic books. 615 0$aHorses$xDiseases$xDiagnosis. 615 0$aBlood$xDiseases$xDiagnosis. 615 0$aHorses$xDiseases. 676 $a636.1089 702 $aWalton$b Raquel M. 702 $aCowell$b Rick L. 702 $aValenciano$b Amy C. 801 0$bMiAaPQ 801 1$bMiAaPQ 801 2$bUtOrBLW 906 $aBOOK 912 $a9910555032103321 996 $aEquine hematology, cytology, and clinical chemistry$92819602 997 $aUNINA